| 000 | 00449pab a2200181 454500 | ||
|---|---|---|---|
| 008 | 180718b2007 xxu||||| |||| 00| 0 eng d | ||
| 100 | _aMellor, Felicity | ||
| 245 | _aColliding worlds: asteroid research and the legitimization of war in space | ||
| 260 | _c2007 | ||
| 300 | _ap.499-531. | ||
| 362 | _aAug | ||
| 650 | _aWar | ||
| 650 | _aSpace | ||
| 650 | _aAstronomy | ||
| 773 | _aSocial Studies of Science | ||
| 908 | _aN | ||
| 909 | _a75873 | ||
| 999 |
_c75873 _d75873 |
||